00790nam a2200229Ia 4500003000900000008004100009040001600050080001200066100003200078245014400110260003400254300001400288650001300302650001800315650004100333650001700374700003100391700003100422942000700453999001300460952008700473IN-BaIIA211028s9999 xx 000 0 eng d cIIA Library a52bRUS aRussell, Henry Norris91273 0aAstronomyba revision of Young's Manual of astronomy, I the solar systemcHenry Norris Russell, Raymond Smith Dugan and John Quincy Stewart aBostonbGinn Publishersc1926 axi, 470p. aArchives aAstronomy980 aAstronomy and Astrophysics Thesaurus aSolar System aDugan, Raymond Smith91274 aStewart, John Quincy91275 cBK c569d569 00104070aBANbKODcGENd0000-00-00l0o52/ RUSp589r2021-11-05w0000-00-00yBK